Comparison of growing tomato under plastic net and normal condition in sandy soil, ប្រៀបធៀបការដំាដុះដំណាំប៉េងប៉ោះក្រោម លក្ខណ្ឌ សំណាញខៀវ និងលក្ខខណ្ឌធម្មតាលើដីល្បាយខ្សាច់ (Record no. 6115)

000 -LEADER
fixed length control field 00722nam a22001337a 4500
040 ## - CATALOGING SOURCE
Transcribing agency RUA
082 ## - DEWEY DECIMAL CLASSIFICATION NUMBER
Classification number GRS KHE 2011 B359 Or.1
100 ## - MAIN ENTRY--AUTHOR NAME
Personal name KHENG SOKHAK ; ខេង សុខហាក់
245 ## - TITLE STATEMENT
Title Comparison of growing tomato under plastic net and normal condition in sandy soil, ប្រៀបធៀបការដំាដុះដំណាំប៉េងប៉ោះក្រោម លក្ខណ្ឌ សំណាញខៀវ និងលក្ខខណ្ឌធម្មតាលើដីល្បាយខ្សាច់
260 ## - PUBLICATION, DISTRIBUTION, ETC. (IMPRINT)
Place of publication Phnom Penh
Name of publisher RUA
Year of publication 2011
300 ## - PHYSICAL DESCRIPTION
Number of Pages viii; 35p.
Other physical details ill.
Dimensions 29cm.
856 ## - ELECTRONIC LOCATION AND ACCESS
Uniform Resource Identifier https://drive.google.com/file/d/1XU5zXU_tkjFIHV1s4uh5t6mr0Ffm59Z0/view?usp=sharing
942 ## - ADDED ENTRY ELEMENTS (KOHA)
Koha item type GRS
952 ## - LOCATION AND ITEM INFORMATION (KOHA)
Withdrawn status [LOCAL, KOHA] 0
952 ## - LOCATION AND ITEM INFORMATION (KOHA)
Withdrawn status [LOCAL, KOHA] 0
952 ## - LOCATION AND ITEM INFORMATION (KOHA)
Withdrawn status [LOCAL, KOHA] 0
952 ## - LOCATION AND ITEM INFORMATION (KOHA)
Withdrawn status [LOCAL, KOHA] 0
952 ## - LOCATION AND ITEM INFORMATION (KOHA)
Withdrawn status [LOCAL, KOHA] 0
952 ## - LOCATION AND ITEM INFORMATION (KOHA)
Withdrawn status [LOCAL, KOHA] 0
952 ## - LOCATION AND ITEM INFORMATION (KOHA)
Withdrawn status [LOCAL, KOHA] 0
952 ## - LOCATION AND ITEM INFORMATION (KOHA)
Withdrawn status [LOCAL, KOHA] 0
952 ## - LOCATION AND ITEM INFORMATION (KOHA)
Withdrawn status [LOCAL, KOHA] 0
Holdings
Permanent Location Date acquired Koha item type Lost status Shelving location Barcode Current Location Full call number
Library Block B2016-01-18GRS B359RUA040600Library Block BGRS KHE 2011 B359 Or.1
Library Block B2016-01-18GRS B359RUA039370Library Block BGRS KHE 2011 B359 Or.2
Library Block B2016-01-18GRS B359RUA040762Library Block BGRS KHE 2011 B359 Or.3
Library Block B2016-01-18GRS B359RUA040703Library Block BGRS KHE 2011 B359 Or.4
Library Block B2016-01-18GRS B359RUA040763Library Block BGRS KHE 2011 B359 Or.5
Library Block B2016-01-18GRS B359RUA040702Library Block BGRS KHE 2011 B359 Or.6
Library Block B2016-01-18GRS B359RUA034768Library Block BGRS KHE 2011 B359 Or.7
Library Block B2016-01-18GRS B359RUA034639Library Block BGRS KHE 2011 B359 Or.8
Library Block B2021-12-08GRS B479a065947Library Block BGRS KHE 2011 B479 Or.1
មជ្ឈមណ្ឌលឯការនៃសាកលវិទ្យាល័យភូមិន្ទកសិកម្មចំការដូង

Powered by Koha